| 000 | 00950nam a2200217Ia 4500 | ||
|---|---|---|---|
| 003 | OSt | ||
| 005 | 20241104133156.0 | ||
| 007 | ca aa aaaaa | ||
| 008 | 201103s9999 xx 000 0 und d | ||
| 040 | _cSSBUL | ||
| 041 | _abur | ||
| 082 |
_223 _a၂၉၄.၃၄၄၃၅ မ _b၁၃၁၀၇ S-SAT |
||
| 100 | 0 |
_aမဟာစည်ဆရာတော်။ _98712 |
|
| 245 | 1 | 0 |
_aမဟာသတိပဋ္ဌာန် ဝိပဿနာရှုနည်း (အကျဉ်းချုပ်) / _cမဟာစည်ဆရာတော်ဘုရားကြီး။ |
| 250 | _aသတ္တမအကြိမ်။ | ||
| 260 |
_aရန်ကုန် ၊ _bစာပေပေါင်းကူးပုံနှိပ်တိုက်၊ _c၁၉၇၈။ |
||
| 300 |
_aစ၊ ၁၇၂ စာမျက်နှာ ၊ _c၁၈ စင်တီ။ |
||
| 500 | _aS-SAT: Dr. Sai Aung Tun | ||
| 650 | _aဝိပဿနာ | ||
| 942 |
_cBK1 _2ddc |
||
| 999 |
_c20095 _d20095 |
||